Los cristianos en la revolución de América Latina
Gardado en:
| Main Authors: | , |
|---|---|
| Formato: | Libro |
| Idioma: | Lingua castelá |
| Publicado: |
Buenos Aires
Guadalupe
1966
|
| Series: | Contemplación y Acción, 1
|
| Subjects: | |
| Tags: |
Engadir etiqueta
Sen Etiquetas, Sexa o primeiro en etiquetar este rexistro!
|
MARC
| LEADER | 00000nam a2200000 a 4500 | ||
|---|---|---|---|
| 001 | UCV2439 | ||
| 003 | CL-VaPUC | ||
| 008 | 920715e19660000AG |||||||||||||||||spa|d | ||
| 082 | 0 | 4 | |a 262.9 |b HOU |2 21 |
| 100 | |a Houtart, Francisco |e author |9 481427 | ||
| 700 | 0 | |a Pin, E |e author |9 296682 | |
| 245 | 1 | 4 | |a Los cristianos en la revolución de América Latina |
| 300 | |a 221 p | ||
| 942 | |c BK | ||
| 945 | |d 19920715 00:00:00 | ||
| 260 | |a Buenos Aires |b Guadalupe |c 1966 | ||
| 650 | 0 | |a Cristianos |9 257805 | |
| 650 | 0 | |a Cambio social |9 256857 | |
| 650 | 0 | |a Aspectos políticos |9 257400 | |
| 651 | 0 | |a América Latina |9 255027 | |
| 583 | |a last modification |c 19920715 00:00:00 |k Rodrigo Vera | ||
| 490 | 0 | |a Contemplación y Acción, 1 | |
| 999 | |c 210008 |d 210006 | ||
| 952 | |0 0 |1 0 |4 0 |6 262_900000000000000_HOU_1966 |7 0 |8 A |9 185937 |a BIBDER |b BIBDER |d 2019-11-14 |i 2534320 |o 262.9 HOU 1966 |p 2534320 |r 2023-01-25 |w 2019-11-14 |y BK |k DER | ||